Caja de secretos / (Registro nro. 9669)

Detalles MARC
000 -LIDER
fixed length control field 00860nam a2200313 4500
001 - NÚMERO DE CONTROL
Identificador de número de control 000401800
003 - IDENTIFICACDOR DE NÚMERO DE CONTROL
control field DO-SdBNP
005 - DATE AND TIME OF LATEST TRANSACTION
control field 20180220110621.0
007 - CAMPOS FIJOS DE DESCRIPCIÓN FÍSICA
fixed length control field 000401800
008 - ELEMENTOS DE LONGITUD FIJA
fixed length control field 940426s1993 sp | |||| ||spa
016 7# - NO. DE CONTROL DE LA AGENCIA BIB. NACIONAL
Record control number
Source BPMSU
017 ## - NÚMERO DE REGISTRO DE DERECHOS DE AUTOR
Copyright or legal deposit number
Assigning agency
020 ## - ISBN
International Standard Book Number 8434826240
035 ## - NÚMERO LOCAL
System control number
040 ## - FUENTE DE CATALOGACIÓN
Agencia que crea de manera original el registro BPMSU
Idioma de catalogación spa
Agencia que realiza la transcripción BPMSU
Convenciones de la despripción
080 #0 - NÚMERO DE CLASIFICACIÓN DECIMAL UNIVERSAL
Universal Decimal Classification number
100 2# - ASIENTO PRINCIPAL -- NOMBRE PERSONAL
Nombre personal Vázquez-Vigo, Carmen
Mención de responsabilidad 1923-.
245 10 - MENCIÓN DE TITULO
Título Caja de secretos /
Mención de responsabilidad Carmen Vázquez-Vigo ; ilustraciones, Carmen Lucini
Medio (Designación general de material)
250 ## - MENCIÓN DE EDICION
Mención de edición 4ª ed.
260 ## - PUBLICACIÓN, DISTRIBUCIÓN, ETC. (PIE DE IMPRENTA)
Lugar de publicación, distribución, etc Madrid
Nombre del editor, distribuidor, etc. SM
Fecha de publicación, distribución, etc 1993
300 ## - DESCRIPCIÓN FÍSICA
Extensión 111 p. :
Otros detalles físicos il. ;
Dimensiones 19 cm
490 ## - MENCIÓN DE SERIES
Mención de serie El barco de vapor
Volume/sequential designation 49
500 ## - NOTA GENERAL
Nota general Para niños a partir de 7 años
700 1# - ASIENTO SECUNDARIO -- NOMBRE PERSONAL
Nombre personal Lucini, Carmen
Mención de responsabilidad il.
830 ## - ASIENTO SECUNDARIO DE SERIE--TÍTULO UNIFORME
Título uniforme El barco de vapor
Volume number/sequential designation 49
942 ## - ADDED ENTRY ELEMENTS (KOHA)
Source of classification or shelving scheme Dewey Decimal Classification
Koha item type Libros
945 ## - INFORMACIÓN DE PROCESAMIENTO LOCAL
Información de procesamiento local Inventariado, 2018 / BT
956 ## - LOCAL ELECTRONIC LOCATION AND ACCESS (OCLC)
Nombre de host VMATEO
Método de acceso 10
Materiales especificados 20160411
Enlace BPMSU
Campo enlazado y núm. de secuencia 0069
Existencias
Withdrawn status Lost status Source of classification or shelving scheme Damaged status Not for loan Collection code Home library Current library Date acquired Source of acquisition Total Checkouts Barcode Date last seen Price effective from Koha item type
    Dewey Decimal Classification     Colección Infantil General Biblioteca Pública Metropolitana Salomé Ureña Biblioteca Pública Metropolitana Salomé Ureña 04/11/2016 FUNDI   BPMSU16040276 04/11/2016 04/11/2016 Libros